<?xml version="1.0" encoding="UTF-8"?>
<record
    xmlns:xsi="http://www.w3.org/2001/XMLSchema-instance"
    xsi:schemaLocation="http://www.loc.gov/MARC21/slim http://www.loc.gov/standards/marcxml/schema/MARC21slim.xsd"
    xmlns="http://www.loc.gov/MARC21/slim">

  <leader>03107cam a22003734a 4500</leader>
  <controlfield tag="001">12866632</controlfield>
  <controlfield tag="003">OSt</controlfield>
  <controlfield tag="005">20230626093141.0</controlfield>
  <controlfield tag="008">020723s2002    enka     b    001 0 eng  </controlfield>
  <datafield tag="010" ind1=" " ind2=" ">
    <subfield code="a">  2002011681</subfield>
  </datafield>
  <datafield tag="020" ind1=" " ind2=" ">
    <subfield code="a">1853839302 (hardback)</subfield>
  </datafield>
  <datafield tag="020" ind1=" " ind2=" ">
    <subfield code="a">1853839310 (pbk.)</subfield>
  </datafield>
  <datafield tag="040" ind1=" " ind2=" ">
    <subfield code="a">DLC</subfield>
    <subfield code="c">DLC</subfield>
    <subfield code="d">DLC</subfield>
  </datafield>
  <datafield tag="042" ind1=" " ind2=" ">
    <subfield code="a">pcc</subfield>
  </datafield>
  <datafield tag="050" ind1="0" ind2="0">
    <subfield code="a">HD60</subfield>
    <subfield code="b">.C639 2002</subfield>
  </datafield>
  <datafield tag="082" ind1="0" ind2="0">
    <subfield code="a">331.25/98</subfield>
    <subfield code="2">21</subfield>
    <subfield code="b">JEN</subfield>
  </datafield>
  <datafield tag="245" ind1="0" ind2="0">
    <subfield code="a">Corporate responsibility and labour rights :</subfield>
    <subfield code="b">codes of conduct in the global economy /</subfield>
    <subfield code="c">edited by Rhys Jenkins, Ruth Pearson and Gill Seyfang.</subfield>
  </datafield>
  <datafield tag="246" ind1="3" ind2=" ">
    <subfield code="a">Corporate responsibility and labor rights</subfield>
  </datafield>
  <datafield tag="246" ind1="1" ind2="4">
    <subfield code="a">Corporate responsibility &amp; labour rights</subfield>
  </datafield>
  <datafield tag="260" ind1=" " ind2=" ">
    <subfield code="a">London ;</subfield>
    <subfield code="a">Sterling, VA :</subfield>
    <subfield code="b">Earthscan,</subfield>
    <subfield code="c">2002.</subfield>
  </datafield>
  <datafield tag="300" ind1=" " ind2=" ">
    <subfield code="a">xvi, 232 p. :</subfield>
    <subfield code="b">ill. ;</subfield>
    <subfield code="c">24 cm.</subfield>
  </datafield>
  <datafield tag="504" ind1=" " ind2=" ">
    <subfield code="a">Includes bibliographical references and index.</subfield>
  </datafield>
  <datafield tag="505" ind1="0" ind2=" ">
    <subfield code="a">Codes of conduct and global deregulation -- Introduction /  Rhys Jenkins, Ruth Pearson and Gill Seyfang. The political economy of codes of conduct / Rhys Jenkins. Labour rights/corporate responsibilities : the role of ILO labour standards / Jill Murray. 'I'll tell you what i want...' : women workers and codes of conduct / Ruth Pearson and Gill Seyfang. Mapping codes through the value chain : from researcher to detective / Stephanie Barrientos -- Codes of conduct : perspectives from stakeholders in the global production chains : stakeholder perspectives. Beyond codes : lessons from the Pentland experience / Lesley Roberts. The international trade union movement and the new codes of conduct / Dwight Justice. The emperor's new clothes : what codes mean for workers in the garment industry / Linda Shaw and Angela Hale. Can codes of conduct help home based workers? / Lucy Brill. Regional perspectives. 'Made in China' : rules and regulations versus codes of conduct in the toy sector / Alice Kwan and Stephen Frost. The contradictions in codes : the Sri Lankan experience / Kelly Dent. The ootential of codes as part of women's organisations' strategies for promoting the rights of women workers : a Central America perspective / Marina Prieto, Angela Hadjipateras and Jane Turner. The fox guarding the chicken coop : monitoring garment production in Los Angeles / Laura Dubinsky. Practical issues in developing and implementing codes. Working with codes : perspectives from the clean clothes campaign / Nina Ascoly and Inneke Zeldenrust. ETI : aa multi-stakeholder approach / Mick Blowfield. Monitoring the monitors : a critique of third-party labour monitoring / Dara O'rourke. Code monitoring in the informal fair trade sector : the experience of Oxfam GN / Rachel Wilshaw.</subfield>
  </datafield>
  <datafield tag="650" ind1=" " ind2="0">
    <subfield code="a">Social responsibility of business.</subfield>
  </datafield>
  <datafield tag="650" ind1=" " ind2="0">
    <subfield code="a">Industries</subfield>
    <subfield code="x">Self-regulation.</subfield>
  </datafield>
  <datafield tag="650" ind1=" " ind2="0">
    <subfield code="a">Industrial relations.</subfield>
  </datafield>
  <datafield tag="650" ind1=" " ind2="0">
    <subfield code="a">Employee rights.</subfield>
  </datafield>
  <datafield tag="700" ind1="1" ind2=" ">
    <subfield code="a">Jenkins, Rhys Owen,</subfield>
    <subfield code="d">1948-</subfield>
  </datafield>
  <datafield tag="700" ind1="1" ind2=" ">
    <subfield code="a">Pearson, Ruth,</subfield>
    <subfield code="d">1945-</subfield>
  </datafield>
  <datafield tag="700" ind1="1" ind2=" ">
    <subfield code="a">Seyfang, Gill,</subfield>
    <subfield code="d">1969-</subfield>
  </datafield>
  <datafield tag="906" ind1=" " ind2=" ">
    <subfield code="a">7</subfield>
    <subfield code="b">cbc</subfield>
    <subfield code="c">orignew</subfield>
    <subfield code="d">1</subfield>
    <subfield code="e">ecip</subfield>
    <subfield code="f">20</subfield>
    <subfield code="g">y-gencatlg</subfield>
  </datafield>
  <datafield tag="942" ind1=" " ind2=" ">
    <subfield code="2">ddc</subfield>
    <subfield code="c">BK</subfield>
  </datafield>
  <datafield tag="999" ind1=" " ind2=" ">
    <subfield code="c">2629</subfield>
    <subfield code="d">2629</subfield>
  </datafield>
  <datafield tag="952" ind1=" " ind2=" ">
    <subfield code="0">0</subfield>
    <subfield code="1">0</subfield>
    <subfield code="2">ddc</subfield>
    <subfield code="4">0</subfield>
    <subfield code="7">0</subfield>
    <subfield code="a">002</subfield>
    <subfield code="b">002</subfield>
    <subfield code="d">2023-06-26</subfield>
    <subfield code="l">0</subfield>
    <subfield code="o">331.25/98 JEN</subfield>
    <subfield code="p">10002004</subfield>
    <subfield code="r">2023-06-26</subfield>
    <subfield code="w">2023-06-26</subfield>
    <subfield code="y">BK</subfield>
  </datafield>
</record>
